Statistiques concernant Pays qui achètent le plus de jeux vidéo

Cliquez ici pour prendre le quiz!

Statistiques générales

  • Ce quiz a été pris 4 211 fois
  • Le résultat moyen est 13 sur 15

Statistiques - réponses

Totaux des ventesPays% Correct
2 967 052 000 $France
100%
25 059 883 000 $Etats-Unis
99%
27 547 039 000 $Chine
98%
12 545 659 000 $Japon
98%
4 378 066 000 $Allemagne
95%
1 913 050 000 $Espagne
95%
4 217 745 000 $Royaume-Uni
92%
1 485 205 000 $Russie
92%
1 947 371 000 $Canada
90%
1 334 205 000 $Brésil
88%
1 874 608 000 $Italie
88%
1 427 974 000 $Mexique
80%
1 234 393 000 $Australie
76%
4 187 711 000 $Corée du Sud
76%
1 028 511 000 $Taïwan
22%

Distribution des résultats

Percentile par nombre de réponses

% des personnes avec chaque résultat

Votre développement - résultats

Vous n’avez pas pris ce quiz